World Constitutions: (Record no. 5484)
[ view plain ]
| 000 -LEADER | |
|---|---|
| fixed length control field | 00562nam a22002177a 4500 |
| 003 - CONTROL NUMBER IDENTIFIER | |
| control field | OSt |
| 005 - DATE AND TIME OF LATEST TRANSACTION | |
| control field | 20250415183635.0 |
| 008 - FIXED-LENGTH DATA ELEMENTS--GENERAL INFORMATION | |
| fixed length control field | 250415b |||||||| |||| 00| 0 eng d |
| 022 ## - INTERNATIONAL STANDARD SERIAL NUMBER | |
| International Standard Serial Number | 9788120747432 |
| 040 ## - CATALOGING SOURCE | |
| Transcribing agency | New Delhi |
| 050 ## - LIBRARY OF CONGRESS CALL NUMBER | |
| Classification number | K3157 |
| Item number | .B46 |
| 100 ## - MAIN ENTRY--PERSONAL NAME | |
| Personal name | Bhagwan, Vishnoo |
| 245 ## - TITLE STATEMENT | |
| Title | World Constitutions: |
| Remainder of title | A Comparative Study |
| 250 ## - EDITION STATEMENT | |
| Edition statement | 9th ed. |
| 260 ## - PUBLICATION, DISTRIBUTION, ETC. | |
| Place of publication, distribution, etc. | New Delhi; |
| Name of publisher, distributor, etc. | Sterling Publishers |
| Date of publication, distribution, etc. | c2011 |
| 300 ## - PHYSICAL DESCRIPTION | |
| Extent | vii, 646pp: |
| 500 ## - GENERAL NOTE | |
| General note | Includes references |
| 700 ## - ADDED ENTRY--PERSONAL NAME | |
| Personal name | Vidya Bhushan |
| 856 ## - ELECTRONIC LOCATION AND ACCESS | |
| Materials specified | Constitutional Law |
| 942 ## - ADDED ENTRY ELEMENTS (KOHA) | |
| Source of classification or shelving scheme | Library of Congress Classification |
| Koha item type | Books |
| Suppress in OPAC | No |
| Withdrawn status | Lost status | Source of classification or shelving scheme | Damaged status | Not for loan | Collection | Home library | Current library | Shelving location | Date acquired | Total checkouts | Full call number | Barcode | Date last seen | Copy number | Price effective from | Koha item type |
|---|---|---|---|---|---|---|---|---|---|---|---|---|---|---|---|---|
| Library of Congress Classification | Non-fiction | Law Library (Christ Temple) | Law Library (Christ Temple) | General stacks | 04/15/2025 | K3157.B46 BHA | LLCT00000547 | 04/15/2025 | 1 | 04/15/2025 | Books | |||||
| Library of Congress Classification | Non-fiction | Law Library (Christ Temple) | Law Library (Christ Temple) | General stacks | 04/15/2025 | K3157.B46 BHA | LLCT00000548 | 04/15/2025 | 2 | 04/15/2025 | Books |